| 000 | 01348nmm a2200349 a 4500 | ||
|---|---|---|---|
| 001 | ocm0002015598 | ||
| 003 | TR-IsHL | ||
| 005 | 20201028180044.0 | ||
| 008 | 181113s2018 tu tur | ||
| 007 | cr cn | ||
| 020 | _a9786052137499 | ||
| 035 |
_a2015598 _b(N$T) |
||
| 050 | 0 | 4 |
_aZ1003.5.T9 _bT45 2018 |
| 090 | 0 | 4 |
_aZ1003.5.T9 _bT45 2018 |
| 100 | 1 | _aTekin, Engin Cihad | |
| 245 | 1 | 0 |
_aOsmanlı'da kitap kültürü ve batı dünyası Avrupalı seyyahların bakış açısından Osmanlı'da kitap ve kütüphane kültürü (1453-1699) _h[electronic resource] / _cEngin Cihad Tekin |
| 250 | _a1. Baskı | ||
| 260 |
_aİstanbul : _bHiperlink Yayınları, _c2018 |
||
| 300 | _a293 p. | ||
| 650 | 4 | _aKütüphanecilik | |
| 650 | 4 | _aLibrary Science | |
| 650 | 0 | _aKütüphaneler ve kitapçılar | |
| 650 | 0 | _aLibraries and booksellers | |
| 650 | 0 |
_aKütüphaneler _x Türkiye _x Tarih |
|
| 650 | 0 |
_aLibraries _x Turkey _x History |
|
| 650 | 0 |
_aKütüphane bilimi _x Türkiye |
|
| 650 | 0 |
_aLibrary science _x Turkey |
|
| 650 | 0 |
_aCami kütüphaneleri _x Tarih |
|
| 650 | 0 |
_aMosque libraries _x History |
|
| 650 | 7 |
_aLANGUAGE ARTS & DISCIPLINES / Library & Information Science / Administration & Management _2bisacsh |
|
| 856 | 4 | 0 | _uhttp://search.ebscohost.com/login.aspx?direct=true&scope=site&db=e011xww&AN=2015598 |
| 999 |
_c18961 _d18961 |
||